000
00202nam a22000977a 4500
999
_c
531641
_d
531641
040
_c
DLC
082
_a
624.17
_b
KHU
100
_a
Khurmi, R.S.
_9
24542
245
_a
Theory of Structures
942
_2
ddc
_c
BK